LEADER 01895nam 2200493I 450 001 9910702356003321 005 20121226161236.0 035 $a(CKB)5470000002426598 035 $a(OCoLC)822966252 035 $a(EXLCZ)995470000002426598 100 $a20121226d2012 ua 0 101 0 $aeng 135 $aurcn||||||||| 181 $ctxt$2rdacontent 182 $cc$2rdamedia 183 $acr$2rdacarrier 200 10$aLarge Eddy Simulation of a film cooling flow injected from an inclined discrete cylindrical hole into a crossflow with zero-pressure gradient turbulent boundary layer /$fPerry L. Johnson, Vikram Shyam 210 1$aCleveland, Ohio :$cNational Aeronautics and Space Administration, Glenn Research Center,$d2012. 215 $a1 online resource (23 pages) $ccolor illustrations 225 1 $aNASA/TM ;$v2012-217695 300 $aTitle from title screen (viewed on Dec. 26, 2012). 300 $a"August 2012." 320 $aIncludes bibliographical references (pages 22-23). 606 $aLarge eddy simulation$2nasat 606 $aFilm cooling$2nasat 606 $aPressure gradients$2nasat 606 $aReynolds averaging$2nasat 606 $aTurbulent mixing$2nasat 606 $aTurbulent boundary layer$2nasat 615 7$aLarge eddy simulation. 615 7$aFilm cooling. 615 7$aPressure gradients. 615 7$aReynolds averaging. 615 7$aTurbulent mixing. 615 7$aTurbulent boundary layer. 700 $aJohnson$b Perry L$01390438 701 $aShyam$b Vikram$01390439 712 02$aNASA Glenn Research Center. 801 0$bGPO 801 1$bGPO 906 $aBOOK 912 $a9910702356003321 996 $aLarge Eddy Simulation of a film cooling flow injected from an inclined discrete cylindrical hole into a crossflow with zero-pressure gradient turbulent boundary layer$93443118 997 $aUNINA LEADER 02065oas 22006733 450 001 9910303544403321 005 20250922213015.0 011 $a2378-0495 035 $a(DE-599)ZDB2827235-3 035 $a(OCoLC)565182643 035 $a(CONSER) 2015202256 035 $a(CKB)3710000000416449 035 $a(EXLCZ)993710000000416449 100 $a20100321b19671974 uy f 101 0 $aara 135 $aur||||||||||| 181 $ctxt$2rdacontent 182 $cc$2rdamedia 183 $acr$2rdacarrier 200 13$aAn-Nashra 210 1$a[Columbus, Ohio :$cAmerican Association of Teachers of Arabic,$d1967-] 311 08$a2378-0487 517 1 $aJournal of the American Association of Teachers of Arabic 606 $aArabic language$xStudy and teaching$vPeriodicals 606 $aArabic philology$xStudy and teaching$vPeriodicals 606 $aArabic literature$xStudy and teaching$vPeriodicals 606 $aArabic language$xStudy and teaching$2fast$3(OCoLC)fst00812429 606 $aArabic literature$xStudy and teaching$2fast$3(OCoLC)fst00812510 606 $aArabic philology$xStudy and teaching$2fast$3(OCoLC)fst00812531 608 $aPeriodicals.$2fast 608 $aPeriodicals.$2lcgft 615 0$aArabic language$xStudy and teaching 615 0$aArabic philology$xStudy and teaching 615 0$aArabic literature$xStudy and teaching 615 7$aArabic language$xStudy and teaching. 615 7$aArabic literature$xStudy and teaching. 615 7$aArabic philology$xStudy and teaching. 676 $a492.705 712 02$aAmerican Association of Teachers of Arabic. 801 0$bOCLCE 801 1$bOCLCE 801 2$bOCLCQ 801 2$bOCLCF 801 2$bOCLCO 801 2$bDLC 801 2$bTEF 801 2$bCOO 801 2$bOCLCQ 801 2$bGILDS 801 2$bOCLCO 801 2$bDLC 801 2$bAU@ 801 2$bOCLCO 801 2$bOCL 801 2$bOCLCL 906 $aJOURNAL 912 $a9910303544403321 996 $aAn-Nashra$91919829 997 $aUNINA